[Event "66th ch-RUS HL"]
[Site "Yekaterinburg RUS"]
[Date "2013.06.29"]
[Round "9.4"]
[White "Alekseev, Evgeny"]
[Black "Matlakov, Maxim"]
[Result "1/2-1/2"]
[WhiteTitle "GM"]
[BlackTitle "GM"]
[WhiteElo "2714"]
[BlackElo "2665"]
[WhiteFideId "4138147"]
[BlackFideId "4168003"]
[EventDate "2013.06.20"]

1. e4 c6 2. d4 d5 3. e5 Bf5 4. Nd2 e6 5. Nb3 Nd7 6. Nf3 Ne7 7. Be2 h6 8. O-O Bg6
9. c3 Nf5 10. Bd3 c5 11. dxc5 Nxc5 12. Bb5+ Nd7 13. c4 dxc4 14. Na5 a6 15. Nxb7
Qc8 16. Bxd7+ Qxd7 17. Qxd7+ Kxd7 18. Na5 Rc8 19. Rd1+ Ke8 20. Bd2 Ne7 21. Rac1
Bd3 22. Be3 g5 23. Ne1 Rb8 24. Nxd3 cxd3 25. Rxd3 Bg7 26. Nc4 Nd5 27. Ra3 Ra8
28. Rb3 Kf8 29. Rb7 Kg8 30. Bd2 Kh7 31. Rxf7 Rhc8 32. g3 a5 33. a4 Rab8 34. Ra7
Nb4 35. Rxa5 Nd3 36. Rc3 Rd8 37. b3 Nxe5 38. Nxe5 Rxd2 39. Re3 Rf8 40. Nf3 Rb2
41. h3 Rc8 42. Ne5 Rf8 43. Nd3 Rxb3 44. Ra7 Kg8 45. Rd7 Ra3 46. Re4 Rf5 47. Rxe6
Rxa4 48. Ree7 Bf8 49. Re8 Ra2 50. Kg2 Rd2 51. Red8 Rf6 52. g4 Rc2 53. Kg3 Ra2
54. Re8 Rd2 55. Red8 Ra2 56. Rd4 Rd2 57. h4 gxh4+ 58. Kxh4 Rf3 59. Kh5 Ra2 60.
Rf4 Rxf4 61. Nxf4 Kf7 62. Rd7+ Ke8 63. Rh7 Rxf2 64. Ne6 Rf6 65. Nxf8 Kxf8 66.
Rxh6 Rf1 67. Kg6 Kg8 68. g5 1/2-1/2

[Event "66th ch-RUS HL"]
[Site "Yekaterinburg RUS"]
[Date "2013.06.29"]
[Round "9.8"]
[White "Riazantsev, Alexander"]
[Black "Kokarev, Dmitry"]
[Result "1/2-1/2"]
[WhiteTitle "GM"]
[BlackTitle "GM"]
[WhiteElo "2708"]
[BlackElo "2639"]
[WhiteFideId "4125029"]
[BlackFideId "4132181"]
[EventDate "2013.06.20"]

1. d4 Nf6 2. c4 g6 3. Nf3 Bg7 4. g3 c5 5. d5 O-O 6. Nc3 d6 7. Bg2 e6 8. O-O exd5
9. cxd5 a6 10. a4 Nbd7 11. Nd2 Rb8 12. Nc4 Qe7 13. Bf4 Ne8 14. a5 Ne5 15. Nxe5
Bxe5 16. Bh6 Ng7 17. Re1 b6 18. axb6 Rxb6 19. Qd2 Bd7 20. Bg5 f6 21. Bf4 Rfb8
22. Bxe5 Qxe5 23. Nd1 f5 24. Ra3 Nh5 25. e4 Qd4 26. Rd3 Qb4 27. Rc3 Qd4 28. Rd3
Qb4 29. Rc3 Qd4 1/2-1/2

[Event "66th ch-RUS HL"]
[Site "Yekaterinburg RUS"]
[Date "2013.06.29"]
[Round "9.9"]
[White "Popov, Ivan RUS"]
[Black "Khairullin, Ildar"]
[Result "1/2-1/2"]
[WhiteTitle "GM"]
[BlackTitle "GM"]
[WhiteElo "2632"]
[BlackElo "2658"]
[WhiteFideId "4170350"]
[BlackFideId "4151348"]
[EventDate "2013.06.20"]

1. e4 e5 2. Nf3 Nc6 3. Bb5 Nf6 4. O-O Nxe4 5. d4 Nd6 6. Bxc6 dxc6 7. dxe5 Nf5 8.
Qxd8+ Kxd8 9. h3 Bd7 10. Rd1 Kc8 11. a4 h6 12. a5 c5 13. Nc3 Bc6 14. Nd5 Nd4 15.
Nxd4 Bxd5 16. Nf5 Be6 17. Ne3 h5 18. f4 g6 19. Kf2 h4 20. b3 b6 21. c4 Kb7 22.
a6+ Kc8 23. Kf3 c6 24. Ke4 Rh5 25. Bd2 Kc7 26. Bc3 Re8 27. Kf3 Rh8 28. Ke4 Rh5
29. Kf3 Rh8 30. Ke4 1/2-1/2

[Event "66th ch-RUS HL"]
[Site "Yekaterinburg RUS"]
[Date "2013.06.29"]
[Round "9.11"]
[White "Najer, Evgeniy"]
[Black "Sjugirov, Sanan"]
[Result "1/2-1/2"]
[WhiteTitle "GM"]
[BlackTitle "GM"]
[WhiteElo "2633"]
[BlackElo "2647"]
[WhiteFideId "4118987"]
[BlackFideId "4189302"]
[EventDate "2013.06.20"]

1. e4 c5 2. Nf3 d6 3. d4 cxd4 4. Nxd4 Nf6 5. Nc3 a6 6. Bg5 e6 7. f4 Qb6 8. Nb3
Nbd7 9. Qe2 Qc7 10. O-O-O b5 11. a3 Be7 12. Bh4 Bb7 13. g4 Nc5 14. Bg2 Nxb3+ 15.
cxb3 d5 16. Bxf6 Bxf6 17. exd5 O-O-O 18. Kb1 Bxc3 19. Rc1 Kb8 20. Rxc3 Qxf4 21.
Rf1 Qd6 22. Rxf7 exd5 23. Rxg7 Rhe8 24. Qd2 Re7 25. Rxe7 Qxe7 26. Qd4 Re8 27.
Ka2 Qe5 28. Qb6 Rc8 29. Re3 Qc7 30. Qh6 d4 31. Bxb7 Kxb7 32. Re4 Rd8 33. Qd2 d3
34. h4 Rd7 35. Re6 Rd6 36. Re3 Qd7 37. g5 Qf5 38. Qg2+ Kb6 39. Rf3 Qd5 40. Qf2+
Qd4 41. Qd2 Qxh4 42. Rxd3 Rxd3 43. Qxd3 Qxg5 44. Qxh7 Qd5 45. Qe7 a5 46. Qe3+
Kb7 47. Qe7+ 1/2-1/2

[Event "66th ch-RUS HL"]
[Site "Yekaterinburg RUS"]
[Date "2013.06.29"]
[Round "9.12"]
[White "Demchenko, Anton"]
[Black "Ponkratov, Pavel"]
[Result "1-0"]
[WhiteTitle "GM"]
[BlackTitle "GM"]
[WhiteElo "2639"]
[BlackElo "2605"]
[WhiteFideId "4160258"]
[BlackFideId "4157800"]
[EventDate "2013.06.20"]

1. e4 e5 2. Nf3 Nc6 3. Bb5 a6 4. Ba4 Nf6 5. O-O Be7 6. Re1 b5 7. Bb3 O-O 8. h3
d6 9. c3 Na5 10. Bc2 c5 11. d4 Nd7 12. dxe5 dxe5 13. Nbd2 Nc6 14. Nf1 c4 15. Ne3
Nc5 16. Nd5 Be6 17. Be3 h6 18. b4 cxb3 19. axb3 Re8 20. Re2 Bf8 21. Rd2 Qb8 22.
Re2 Qd8 23. Rd2 Qb8 24. b4 Nd7 25. Bb3 a5 26. bxa5 Rxa5 27. Rb1 Bc5 28. Nb4 Nxb4
29. Bxe6 Bxe3 30. Bxf7+ Kxf7 31. Rxd7+ 1-0

[Event "66th ch-RUS HL"]
[Site "Yekaterinburg RUS"]
[Date "2013.06.29"]
[Round "9.14"]
[White "Panarin, Mikhail"]
[Black "Artemiev, Vladislav"]
[Result "0-1"]
[WhiteTitle "GM"]
[BlackTitle "IM"]
[WhiteElo "2565"]
[BlackElo "2524"]
[WhiteFideId "4153251"]
[BlackFideId "24101605"]
[EventDate "2013.06.20"]

1. e4 c5 2. Nf3 e6 3. d4 cxd4 4. Nxd4 a6 5. c4 Nf6 6. Nc3 Qc7 7. a3 b6 8. Be3
Bb7 9. f3 d6 10. Be2 Be7 11. Rc1 Nbd7 12. Qd2 Rc8 13. O-O O-O 14. Rfd1 Qb8 15.
b4 Rfe8 16. Bf1 Bd8 17. Nb3 Bc7 18. Bf4 Ne5 19. Bxe5 dxe5 20. c5 Red8 21. Qe3
bxc5 22. Rxd8+ Bxd8 23. Nxc5 Bb6 24. N3a4 Ba7 25. Kh1 a5 26. Qe1 axb4 27. axb4
Qc7 28. Nb3 Qd6 29. Nac5 Bc6 30. Ra1 Qb8 31. Be2 h6 32. Na5 Be8 33. Na6 Qd6 34.
Nc4 Qe7 35. Nxe5 Bd4 36. Ra5 Bc3 37. Qc1 Nxe4 38. Nd3 Nf6 39. Rc5 Rxc5 40. bxc5
Nd5 41. Nf2 Be5 42. g3 Qb7 43. Ng4 Bd4 44. Qd1 e5 45. Bc4 Bc6 46. Qb3 Qxb3 47.
Bxb3 Nc7 48. Nxe5 Bxe5 0-1

[Event "66th ch-RUS HL"]
[Site "Yekaterinburg RUS"]
[Date "2013.06.29"]
[Round "9.15"]
[White "Gabrielian, Artur"]
[Black "Ulanov, Alexandr"]
[Result "1-0"]
[WhiteTitle "GM"]
[BlackTitle "IM"]
[WhiteElo "2545"]
[BlackElo "2425"]
[WhiteFideId "4131002"]
[BlackFideId "24107646"]
[EventDate "2013.06.20"]

1. e4 c6 2. d4 d5 3. e5 Na6 4. Nf3 g6 5. c4 Nc7 6. Nc3 Bg7 7. cxd5 cxd5 8. Bg5
f6 9. Bf4 Nh6 10. exf6 exf6 11. Bxc7 Qxc7 12. Nxd5 Qa5+ 13. Nc3 O-O 14. Bc4+ Kh8
15. O-O Bg4 16. h3 Qb4 17. Bb3 Bxf3 18. Qxf3 Nf5 19. Nd5 Qd2 20. Rfd1 Qxb2 21.
Rab1 Qa3 22. Nc7 Rab8 23. g4 Nd6 24. Re1 Nf5 25. Red1 Nd6 26. Re1 f5 27. Ne6
fxg4 28. Qxg4 Rf7 29. Nxg7 Rxg7 30. Qf4 h5 31. Re6 Rd8 32. Qh6+ Rh7 33. Qg5 Nf7
34. Qf6+ Rg7 35. Re7 Rf8 36. Rxf7 Rxf7 37. Bxf7 Qxh3 38. Rxb7 1-0

[Event "66th ch-RUS HL"]
[Site "Yekaterinburg RUS"]
[Date "2013.06.29"]
[Round "9.18"]
[White "Voitsekhovsky, Stanislav"]
[Black "Ovod, Evgenija"]
[Result "1/2-1/2"]
[WhiteTitle "GM"]
[BlackTitle "IM"]
[WhiteElo "2523"]
[BlackElo "2387"]
[WhiteFideId "4113470"]
[BlackFideId "4131827"]
[EventDate "2013.06.20"]

1. e4 e5 2. Nf3 Nc6 3. Bb5 Nf6 4. O-O Bc5 5. c3 O-O 6. d4 Bb6 7. Bg5 h6 8. Bh4
d6 9. a4 a5 10. Re1 Bg4 11. Bxc6 bxc6 12. dxe5 dxe5 13. Nbd2 g5 14. Bg3 Nd7 15.
Nc4 f6 16. b4 Qe7 17. Nxb6 Nxb6 18. Qb3+ Be6 19. Qc2 axb4 20. cxb4 Qxb4 21. Qxc6
Bd7 22. Qc1 Bxa4 23. h4 Qc4 24. Qe3 Qe6 25. Rac1 Rf7 26. Nh2 Bb5 27. Qf3 Nc4 28.
Rc3 Nd6 29. Ng4 Kg7 30. Ne3 Ra4 31. Nf5+ Nxf5 32. exf5 Qe8 33. hxg5 hxg5 34. Rc5
c6 35. Rcxe5 Qh8 36. Re7 Ra7 37. Bd6 Raxe7 38. Bxe7 Qh4 39. Qc3 Bc4 40. Bc5 Bd5
41. Qd4 1/2-1/2

[Event "66th ch-RUS HL"]
[Site "Yekaterinburg RUS"]
[Date "2013.06.29"]
[Round "9.19"]
[White "Predke, Alexandr"]
[Black "Levin, Evgeny A."]
[Result "0-1"]
[BlackTitle "GM"]
[WhiteElo "2492"]
[BlackElo "2512"]
[WhiteFideId "24107581"]
[BlackFideId "4182596"]
[EventDate "2013.06.20"]

1. e4 e6 2. d4 d5 3. Nc3 Nf6 4. Bg5 Be7 5. e5 Nfd7 6. h4 h6 7. Bxe7 Qxe7 8. Qg4
O-O 9. f4 c5 10. Nf3 Nc6 11. O-O-O a6 12. Qh5 cxd4 13. Nxd4 Nxd4 14. Rxd4 f6 15.
Bd3 fxe5 16. fxe5 Nc5 17. Bg6 Bd7 18. Rg4 Kh8 19. Ne2 Be8 20. Nd4 Rc8 21. Bxe8
Nd3+ 22. Kb1 Nf4 23. Rxf4 Rxf4 24. Nxe6 Qxe6 25. Bg6 Rcf8 26. Bd3 Rg4 27. b3
Rxg2 28. Re1 Rg4 29. c4 Rg2 30. c5 Rff2 31. a4 Rb2+ 32. Kc1 Qc6 33. b4 Qxa4 34.
Qf5 Qa1+ 0-1

[Event "66th ch-RUS HL"]
[Site "Yekaterinburg RUS"]
[Date "2013.06.29"]
[Round "9.20"]
[White "Airapetian, Gor"]
[Black "Moiseenko, Vadim"]
[Result "0-1"]
[WhiteTitle "IM"]
[BlackTitle "IM"]
[WhiteElo "2448"]
[BlackElo "2473"]
[WhiteFideId "4177916"]
[BlackFideId "4123700"]
[EventDate "2013.06.20"]

1. d4 d5 2. c4 dxc4 3. e3 e5 4. Bxc4 exd4 5. exd4 Bd6 6. Nf3 Nf6 7. O-O O-O 8.
Nc3 Nc6 9. h3 h6 10. Qc2 Na5 11. Be2 Be6 12. Rd1 Nc6 13. a3 Ne7 14. Ne5 c6 15.
Bf4 Nfd5 16. Bh2 f6 17. Nf3 Bxh2+ 18. Kxh2 Bf5 19. Bd3 Qc7+ 20. Kg1 Bxd3 21.
Qxd3 Rad8 22. Ne4 Nf4 23. Qb3+ Ned5 24. Nc5 Qf7 25. Ne1 Rfe8 26. Qf3 Qg6 27. Rd2
Re7 28. Qg4 Rde8 29. Nf3 Qh7 30. Kh2 h5 31. Qg3 g5 32. Ng1 h4 33. Qg4 b6 34. Na4
f5 35. Qd1 g4 36. Nc3 Qg6 37. Nxd5 cxd5 38. hxg4 fxg4 39. Qb3 Qe4 40. f3 g3+ 41.
Kh1 Qe6 42. Rc1 h3 43. gxh3 Rh7 44. Qb5 Nxh3 0-1

[Event "66th ch-RUS HL"]
[Site "Yekaterinburg RUS"]
[Date "2013.06.29"]
[Round "9.21"]
[White "Vokarev, Sergey"]
[Black "Kruchev, Boris"]
[Result "1/2-1/2"]
[WhiteTitle "GM"]
[BlackTitle "FM"]
[WhiteElo "2472"]
[BlackElo "2272"]
[WhiteFideId "4119711"]
[BlackFideId "4179714"]
[EventDate "2013.06.20"]

1. e4 e5 2. Nf3 Nc6 3. Bb5 a6 4. Bxc6 dxc6 5. Nc3 f6 6. d4 exd4 7. Qxd4 Qxd4 8.
Nxd4 Bd7 9. Be3 O-O-O 10. O-O-O Ne7 11. Rd2 Ng6 12. Rhd1 Bb4 13. Nde2 Rhe8 14.
a3 Bf8 15. f4 c5 16. Ng3 b5 17. h3 c4 18. Nd5 Bc6 19. f5 Bxd5 20. fxg6 Bg8 21.
gxh7 Bxh7 22. Rxd8+ Rxd8 23. Rxd8+ Kxd8 24. Bf4 c3 25. Nf5 Kd7 26. Bh2 cxb2+ 27.
Kxb2 c5 28. g4 Kc6 29. h4 a5 30. h5 a4 31. Bf4 g6 32. hxg6 Bxg6 33. e5 Bxf5 34.
gxf5 Kd5 35. exf6 Ke4 36. Bc7 Kxf5 37. Bd8 Ke6 38. c3 Kd7 39. Bb6 Bd6 40. Kc2
Ke6 41. Bd8 Kf7 42. Kb2 c4 43. Be7 Bxe7 44. fxe7 Kxe7 45. Kc2 Kd6 46. Kd2 Kd5
47. Ke3 1/2-1/2

[Event "66th ch-RUS HL"]
[Site "Yekaterinburg RUS"]
[Date "2013.06.29"]
[Round "9.22"]
[White "Korniushin, Nikolay"]
[Black "Egorov, Dmitry"]
[Result "1/2-1/2"]
[WhiteTitle "IM"]
[BlackTitle "FM"]
[WhiteElo "2373"]
[BlackElo "2355"]
[WhiteFideId "4123808"]
[BlackFideId "4128303"]
[EventDate "2013.06.20"]

1. d4 Nf6 2. c4 c5 3. d5 e6 4. Nc3 exd5 5. cxd5 d6 6. g3 g6 7. Bg2 Bg7 8. Nf3
O-O 9. O-O Re8 10. Nd2 a6 11. a4 Nbd7 12. a5 b5 13. axb6 Nxb6 14. Nb3 Nc4 15.
Ra4 Nb6 16. Ra1 Nc4 17. Ra4 Nb6 18. Ra1 Nc4 1/2-1/2

[Event "66th ch-RUS HL"]
[Site "Yekaterinburg RUS"]
[Date "2013.06.29"]
[Round "9.24"]
[White "Yuferev, Oleg"]
[Black "Kozlitin, Roman"]
[Result "0-1"]
[WhiteTitle "FM"]
[BlackTitle "FM"]
[WhiteElo "2284"]
[BlackElo "2361"]
[WhiteFideId "4131720"]
[BlackFideId "4142845"]
[EventDate "2013.06.20"]

1. Nf3 Nf6 2. c4 c5 3. Nc3 Nc6 4. d4 cxd4 5. Nxd4 e6 6. a3 a6 7. e4 Qc7 8. Be2
Ne5 9. Be3 h5 10. h3 b6 11. f4 Nc6 12. e5 Nxd4 13. Qxd4 Bc5 14. Qd3 Bxe3 15.
Qxe3 Ng8 16. Ne4 Ne7 17. Nd6+ Kf8 18. Bf3 Rb8 19. g4 Nc6 20. b4 Nd8 21. c5 bxc5
22. Rc1 Bb7 23. Rxc5 Bc6 24. Bxc6 Nxc6 25. g5 g6 26. O-O Kg7 27. Rd1 Rhd8 28.
Rc3 Qb6 29. Qxb6 Rxb6 30. Ne4 a5 31. b5 Ne7 32. Nd6 a4 33. Rc5 Nf5 34. Nxf5+
gxf5 35. Rd6 Rxd6 36. exd6 Rb8 37. Kf2 h4 38. Ke3 Rb6 39. Rc4 Rxb5 40. Rxa4 Rb3+
41. Ke2 Rxh3 42. Ra7 Rh2+ 43. Kf3 Ra2 44. a4 h3 45. Rc7 h2 46. Rc1 Rxa4 0-1

[Event "66th ch-RUS HL"]
[Site "Yekaterinburg RUS"]
[Date "2013.06.29"]
[Round "9.25"]
[White "Iskusnyh, Sergei"]
[Black "Shishigin, Dmitry"]
[Result "1-0"]
[WhiteTitle "GM"]
[WhiteElo "2489"]
[BlackElo "2230"]
[WhiteFideId "4120027"]
[BlackFideId "24104353"]
[EventDate "2013.06.20"]

1. d4 Nf6 2. c4 g6 3. g3 Bg7 4. Bg2 O-O 5. Nc3 d6 6. Nf3 Nc6 7. O-O Bf5 8. d5
Na5 9. Nd2 c5 10. e4 Bd7 11. Qc2 a6 12. b3 b5 13. Bb2 Rb8 14. Rab1 h5 15. Ne2 e6
16. dxe6 Bxe6 17. Nf4 Re8 18. Rfd1 Qc7 19. Nd5 Bxd5 20. exd5 Re7 21. Re1 Rbe8
22. Rxe7 Qxe7 23. Bc3 Ng4 24. Bxg7 Kxg7 25. h3 Nf6 26. Qc3 b4 27. Qb2 Qe2 28.
Bf1 Qe5 29. Qxe5 Rxe5 30. Bd3 Nb7 31. Rd1 Nd8 32. f4 Re3 33. Nf1 Re8 34. Kf2
Ne4+ 35. Bxe4 Rxe4 36. Kf3 Re8 37. g4 hxg4+ 38. hxg4 f6 39. Ng3 Nf7 40. Ra1 a5
41. a3 Rb8 42. axb4 Rxb4 43. Ra3 Nd8 44. Ne4 Nb7 45. Nd2 Rb6 46. Ra1 Rb4 47. Ke3
Rb6 48. Kd3 Ra6 49. Re1 Kf7 50. Re6 Nd8 51. Re1 Rb6 52. Kc2 Rb8 53. Ne4 Nb7 54.
Rh1 Kg7 55. g5 fxg5 56. fxg5 Rh8 57. Rxh8 Kxh8 58. Kb2 Kg7 59. Ka3 Kf7 60. Ka4
Ke7 61. Kb5 Kd7 62. Kb6 Nd8 63. Nf6+ Kc8 64. Nh7 1-0